Statistics for Every Gene Chandler song that hit the Billboard hot 100

Click here to take the quiz!

General Stats

  • This quiz has been taken 2 times
  • The average score is 3 of 23

Answer Stats

Peak Chart PositionYearSong% Correct
11962Duke Of Earl
100%
751970Simply Call It Love
50%
181965Nothing Can Stop Me
50%
191964Just Be True
50%
121970Groovy Situation
50%
981967There Goes The Lover
0%
941967To Be A Lover
0%
921965You Can't Hurt Me No More
0%
921964Soul Hootenanny (Pt. I)
0%
921965Good Times
0%
881966(I'm Just A) Fool For You
0%
821968There Was A Time
0%
661967Girl Don't Care
0%
711963Man's Temptation
0%
691966Rainbow '65 (Part I)
0%
571968From The Teacher To The Preacher
0%
531979Get Down
0%
491962You Threw A Lucky Punch
0%
471963Rainbow
0%
451967I Fooled You This Time
0%
401965What Now
0%
391964Bless Our Love
0%
991979When You're #1
0%

Score Distribution

Percentile by Number Answered

Percent of People with Each Score

Your Score History

You have not taken this quiz